| 000 | 00584 a2200181 4500 | ||
|---|---|---|---|
| 001 | ART_7870 | ||
| 005 | 20260410161556.0 | ||
| 008 | 260409a | ||
| 245 | 1 | 0 | _aEl control de la calidad en los servicios de auditoría externa en Argentina |
| 100 | 1 | _aSantesteban Hunter, Jorge H. | |
| 700 | 1 | _aEspañol, Guillermo G. | |
| 700 | 1 | _aPellegrino, Adriana | |
| 700 | 1 | _aSalvatierra, Norma | |
| 700 | 1 | _aSchneir, Ricardo | |
| 700 | 1 | _aSuardi, Diana | |
| 700 | 1 | _aVazquéz, Claudia M. | |
| 773 | 0 |
_tProfesional & Empresaria _g- Año XI, Nº 116 (may. 2009) _wREV70 |
|
| 999 |
_c9216 _d9216 |
||